000 nam a22 7a 4500
999 _c7854
_d7854
008 171028b xxu||||| |||| 00| 0 eng d
100 _aBright Michael
_94325
245 _aExploring the Secrets of nature
260 _aLondon
_bReaders digest association
_c1994